| 000 -LEADER |
| fixed length control field |
00767nam a22001337a 4500 |
| 040 ## - CATALOGING SOURCE |
| Transcribing agency |
RUA |
| 082 ## - DEWEY DECIMAL CLASSIFICATION NUMBER |
| Classification number |
AGE HON 2015 B515 Or. |
| 100 ## - MAIN ENTRY--AUTHOR NAME |
| Personal name |
HONG SOTH; ហុង សុត |
| 245 ## - TITLE STATEMENT |
| Title |
The comparison of liquid bio-slurry and rice husk biochar application on dai neang chili pepper's yield at royal university of agriculture; ប្រៀបធៀបការប្រើប្រាស់ជីឡជីវឧស្ម័នរាវ និងជីវធ្យូងអង្កាមទៅលើទិន្នផលដំណាំម្ទេសដៃនាង នៅសាកលវិទ្យាល័យភូមិន្ទកសិកម្ម |
| 260 ## - PUBLICATION, DISTRIBUTION, ETC. (IMPRINT) |
| Place of publication |
RUA |
| Name of publisher |
Phnom Penh |
| Year of publication |
2015 |
| 300 ## - PHYSICAL DESCRIPTION |
| Number of Pages |
xiii; 60p. |
| Other physical details |
ill. |
| Dimensions |
29cm. |
| 856 ## - ELECTRONIC LOCATION AND ACCESS |
| Uniform Resource Identifier |
HONG SOTH |
| 942 ## - ADDED ENTRY ELEMENTS (KOHA) |
| Koha item type |
AGE |
| 952 ## - LOCATION AND ITEM INFORMATION (KOHA) |
| Withdrawn status [LOCAL, KOHA] |
0 |
| 952 ## - LOCATION AND ITEM INFORMATION (KOHA) |
| Withdrawn status [LOCAL, KOHA] |
0 |
| 952 ## - LOCATION AND ITEM INFORMATION (KOHA) |
| Withdrawn status [LOCAL, KOHA] |
0 |
| 952 ## - LOCATION AND ITEM INFORMATION (KOHA) |
| Withdrawn status [LOCAL, KOHA] |
0 |
| 952 ## - LOCATION AND ITEM INFORMATION (KOHA) |
| Withdrawn status [LOCAL, KOHA] |
0 |
| 952 ## - LOCATION AND ITEM INFORMATION (KOHA) |
| Withdrawn status [LOCAL, KOHA] |
0 |